Pháp lệnh về cơ quan đại diện nước Cộng hoà Xã hội Chủ nghĩa Việt Nam ở nước ngoài.
Đã lưu trong:
| 格式: | Sách giấy |
|---|---|
| 語言: | Vietnamese |
| 出版: |
H. :
Chính trị Quốc gia,
1993.
|
| 主題: | |
| 標簽: |
添加標簽
沒有標簽, 成為第一個標記此記錄!
|
| Thư viện lưu trữ: | Thư viện Trường Đại học Đà Lạt |
|---|
| LEADER | 00806nam a2200289 4500 | ||
|---|---|---|---|
| 001 | DLU150167111 | ||
| 005 | ##20150115 | ||
| 040 | # | # | |a DLU |b vie |
| 041 | # | # | |a vie |
| 044 | # | # | |a vn |
| 082 | # | # | |a 341.33 |b Pha |
| 245 | # | # | |a Pháp lệnh về cơ quan đại diện nước Cộng hoà Xã hội Chủ nghĩa Việt Nam ở nước ngoài. |
| 260 | # | # | |a H. : |b Chính trị Quốc gia, |c 1993. |
| 300 | # | # | |a 28 tr. ; |c 19 cm. |
| 650 | # | # | |a Dịch vụ ngoại giao và lãnh sự, Việt Nam. |
| 651 | # | # | |a Việt Nam |x Quan hệ ngoại giao |x Luật và pháp chế. |
| 923 | # | # | |a 06/2014 |
| 991 | # | # | |a SH |
| 992 | # | # | |a 1600 |
| 994 | # | # | |a DLU |
| 900 | # | # | |a True |
| 911 | # | # | |a Đào Thị Thu Huyền |
| 925 | # | # | |a G |
| 926 | # | # | |a A |
| 927 | # | # | |a SH |
| 980 | # | # | |a Thư viện Trường Đại học Đà Lạt |